00332pab a2200121 454500008004000000100002000040245005000060260000900110300001200119362001400131650003300145773003200178180718b1983 xxu||||| |||| 00| 0 eng d aAhmed, Iftikhar aTechnology and rural women in the third world c1983 a493-505 aJuly-Aug. aWomen - Underdeveloped Areas aInternational Labour Review